International Law, Doctrine, Practice, and Theory

Detalles Bibliográficos
Autor principal: Forcese, Craig
Otros Autores: Currie, John H., Oosterveld, Valerie, Harrington, Joanna
Formato: eBook
Lenguaje:inglés
Publicado: Toronto: Irwin Law Inc., 2022
Edición:3era. Edicin̤
Colección:Irwin Books
Materias:
Acceso en línea:Acceso restringido

MARC

LEADER 00000nam a22000007a 4500
005 20220920213453.0
007 cr|||| ||||
008 220920s2022 ca |||||s|||| 00||0 eng d
020 |a 9781552216682 
035 |a 37261 
040 |a vLex 
090 |c 13979  |d 13979 
100 1 |a Forcese, Craig 
245 1 0 |a International Law, Doctrine, Practice, and Theory  |h [Recurso electrn̤ico] /  |c Craig Forcese, John H. Currie, Valerie Oosterveld, Joanna Harrington 
250 |a 3era. Edicin̤ 
256 |a Servicio en ln̕ea 
260 |a Toronto:  |b Irwin Law Inc.,  |c 2022 
300 |a 1 recurso electrn̤ico 
490 0 |a Irwin Books 
500 |a International Law: Doctrine, Practice, and Theory is an innovative and unique volume which crosses the traditional boundaries between textbook, casebook, and scholarly monograph. The book is designed primarily as an introduction to the system and substance of international law. It is also a convenient and comprehensive reference work on the most important aspects of this burgeoning field. The book includes introductory materials on the nature, history, and theory of international law from an international relations, as well as a legal, perspective. Carefully selected and edited primary materials — including treaties, UN documents, and cases — take readers to the very sources of the rules and principles that comprise modern international law. Extensive and critical commentary on, and analysis of, these primary materials guide the reader to an understanding of the rules, their strengths and weaknesses, and their place in the international legal system. Descriptions of contemporary real-world situations provide concrete context to the discussion. Remarkable for both its depth and breadth, International Law: Doctrine, Practice, and Theory sets the standard for the study of international law in Canada. It also constitutes an invaluable reference collection for practitioners, judges, and scholars working in this ever-increasingly important area of modern law. 
506 1 |a Disponible solo en los productos indicados  |d vLex Global  |d vLex Global (Academic Edition, excluding Law Schools)  |d vLex Global (U.S. Academic Edition, Law Schools)  |d vLex Global (U.S. Academic Edition, excluding Law Schools)  |d vLex Global (Academic Edition, Law Schools) 
650 0 4 |a Derecho Internacional  |z Canad̀ 
700 1 |a Currie, John H. 
700 1 |a Oosterveld, Valerie 
700 1 |a Harrington, Joanna 
740 0 |a vLex Libros (Servicio en ln̕ea) 
856 4 0 |u https://app.vlex.com/#/sources/37261  |z Acceso restringido 
942 |c BOOK 
999 0 |a International right